00693nam a2200205Ia 4500003000400000005001700004008004100021020001800062040001800080041000800098082002600106245010000132250001200232260005200244300002600296650004700322650005000369650003400419700003400453OSt20241218134359.0210716s2010 xx 000 0 und d a9788184246223 cAIMIT LIBRARY aeng a001.0720051 21bCONF aEmerging trends in computing NCETC 2010 : bconference proceedings for national conference /c= a1st ed. aNew Delhi :bAllied Publishers Pvt Ltd ,c2010. axx;203p. ;bPBc25 cm aWeb usage mining- languages and algorithms aDigital jewellery for wireless communications aReliable fingerprint matching aShakunthala, Rangarajan., ed.